Hitting hard /

Saved in:
Bibliografiske detaljer
Hovedforfatter: Signorile, Michelangelo (Author)
Format: Bog
Sprog:engelsk
Udgivet: New York : Carroll & Graf, 2005
Tags: Tilføj Tag
Ingen Tags, Vær først til at tagge denne postø!

MARC

LEADER 00000nam a22000007i 4500
001 IT\ICCU\UBO\3423232
003 ItRI
005 20260115231821.0
008 080515s2005 xxu|||||| ||||| |||||c
020 |a 0786716193 
040 |b ita  |c importazione bologna sebina 
041 7 |a eng  |2 ISO-639-2 
100 1 |a Signorile, Michelangelo  |0 IT\ICCU\UBOV\949986  |4 aut 
245 1 0 |a Hitting hard /  |c Michelangelo Signorile. 
260 |a New York :  |b Carroll & Graf,  |c 2005 
300 |a x, 308 p. ;  |c 21 cm. 
942 |2 ddc  |c BK  |n 0 
952 |0 0  |1 0  |4 0  |6 DOC_306_766000000000000_SIG  |7 0  |9 13424  |a BO  |b BO  |d 2026-01-15  |i 12015  |l 0  |o DOC 306.766 SIG  |p BO12015  |r 2026-01-15 23:18:21  |w 2026-01-15  |x [Sebina 5] [1 v.]  |y BK  |z 1 v. 
999 |c 11535  |d 11535